[Event "Feffernitz op 24th"]
[Site "Feffernitz"]
[Date "2015.08.18"]
[Round "4"]
[White "Reinhardt, Bernd"]
[Black "Hipfl, Werner"]
[Result "1-0"]
[WhiteElo "2241"]
[BlackElo "1917"]
[PlyCount "96"]
[EventDate "2015.08.16"]
[EventType "swiss"]
[EventRounds "9"]
[EventCountry "AUT"]
[SourceTitle "EXT 2016"]
[Source "ChessBase"]
[SourceDate "2015.10.08"]
[SourceVersion "1"]
[SourceVersionDate "2015.10.08"]
[SourceQuality "1"]

1. Nf3 d5 2. g3 Nf6 3. Bg2 Bf5 4. d3 e6 5. 0-0 Be7 6. Nbd2 0-0 7. Qe1 h6 8. e4 Bh7 9. Qe2 c5 10. Ne5 dxe4 11. dxe4 Qc7 12. f4 Nbd7 13. Nxd7 Qxd7 14. Nb3 Rad8 15. Bd2 b6 16. Bc3 Qc8 17. Nd2 Rfe8 18. a4 a5 19. Rfe1 Nd7 20. Qb5 Qc7 21. Nc4 Rb8 22. Rad1 Red8 23. Rd2 f6 24. Red1 Nf8 25. Bf3 Rxd2 26. Rxd2 Bg6 27. Qb3 Bf7 28. e5 f5 29. Nd6 Rd8 30. Qb5 Rb8 31. Kf2 Rd8 32. Ke1 Rb8 33. b3 Rd8 34. Rd3 Rb8 35. Kd1 Rd8 36. Kc1 Rb8 37. Kb2 Rd8 38. h3 Rb8 39. Rd2 Rd8 40. Qc4 g6 41. g4 Kg7 42. Rg2 fxg4 43. hxg4 Bg8 44. Qe4 Kh7 45. f5 Bxd6 46. exd6 Qxd6 47. Rd2 Qb8 48. Rxd8 Qxd8 1-0